54 inmigrantes africanos llegaron a Costa Rica

Na minha lista:
Detalhes bibliográficos
Formato: Texto
Tags: Adicionar Tag
Sem tags, seja o primeiro a adicionar uma tag!

MARC

LEADER 00000 a a2200000 04500
001 45939
003
040 |a CRAI/IIS  |c CRAI/IIS 
245 |a 54 inmigrantes africanos llegaron a Costa Rica  
773 |g volumen32, número3 (2009), página 10  
999 |c 17824  |d 17824